Mangas connu - Statistiques

Statistiques générales
  • Ce quiz a été pris 1 097 fois
  • Le résultat moyen est 8 sur 15
Statistiques - réponses
Indice Réponse % Correct
Goku provient de quel manga ? Dragon Ball
99%
Quel manga a plus de 100 tomes parut ? One pièce
91%
Avec qui Sasuke se marie t'il à la fin de Naruto ? Sakura
87%
Qui souhaite retrouvé son père dans Hunter x Hunter ? Gon
81%
Un célèbre détective Détective Conan
79%
De quel manga fait parti Kira ? Death Note
70%
Comment se nomme le manga sur les chevaliers du Zodiaque ? Saint Seiya
54%
De quel manga Tite Kubo est-il l'auteur ? Bleach
45%
Célèbre manga de Hiro Mashima Fairy Tail
45%
De quel manga Hajime Isayama est-il l'auteur ? L'attaque des titans
44%
Quel est le pirate de l'espace ? Capitain Albator
43%
Comment se nomme le manga de boxe ? Baki
28%
Quel est le manga qui a été publié en 1987 ? Nicky Larson
4%
Quel est le personnage principal de Seven Deadly Sins ? Médolias
3%
Un célèbre magical girl Sailoor Moon
3%
Aucun quiz correspondant
Distribution des résultats
% des personnes avec chaque résultat
Percentile par nombre de réponses
Votre historique - résultats
Vous n’avez pas pris ce quiz